Logo BPK

Biblioteka

Politechniki Koszalińskiej

Papier i tektura : (Rekord nr 73194)

Szczegóły MARC
000 -ETYKIETA REKORDU
podpole kontrolne o stałej długości 01141nam a2200289 i 4500
001 - NUMER KONTROLNY REKORDU
podpole kontrolne normy2008
003 - IDENTYFIKATOR NUMERU KONTROLNEGO REKORDU
podpole kontrolne BPK
005 - DATA OSTATNIEJ MODYFIKACJI REKORDU
podpole kontrolne 20200804090512.0
008 - POLE O STAŁEJ DŁUGOŚCI - DANE KONTROLNE
podpole kontrolne o stałej długości 121231s pl a f u |000 0 pol
040 ## - ŹRÓDŁO KATALOGOWANIA
Instytucja, która utworzyła rekord BPK
041 ## - KOD JĘZYKA
Kod języka tekstu pol
084 ## - NUMER INNEJ KLASYFIKACJI
Numer klasyfikacji ICS 85.060
245 ## - TYTUŁ/ODPOWIEDZIALNOŚĆ
Tytuł Papier i tektura :
Ciąg dalszy tytułu wymagania zdrowotne dotyczące materiałów stosowanych do bezpośredniego kontaktu z żywnością.
246 ## - WARIANT TYTUŁU
Tytuł PN-P-50430:1998
250 ## - STREFA WYDANIA
Oznaczenie wydania Zatwierdzono: 1998.01.28
260 ## - STREFA ADRESU WYDAWNICZEGO
Miejsce wydania Warszawa :
Nazwa wydawcy/dystrybutora Polski Komitet Normalizacyjny,
Data publikacji, dystrybucji/powstania dokumentu 1998.
520 ## - UWAGA DOTYCZĄCA TREŚCI DOKUMENTU
Analiza dokumentacyjna, adnotacja itp. Ustalono wymagania dotyczące jakości zdrowotnej papierów i tektur zadrukowanych lub niezadrukowanych, przeznaczonych do bezpośredniego kontaktu z żywnością. Podano wykaz wymagań oraz odpowiadające im metody badań.
653 ## - TERMIN INDEKSOWY - FORMA NIEKONTROLOWANA
Termin indeksowy papier
653 ## - TERMIN INDEKSOWY - FORMA NIEKONTROLOWANA
Termin indeksowy tektura
653 ## - TERMIN INDEKSOWY - FORMA NIEKONTROLOWANA
Termin indeksowy pakowanie
653 ## - TERMIN INDEKSOWY - FORMA NIEKONTROLOWANA
Termin indeksowy higiena
653 ## - TERMIN INDEKSOWY - FORMA NIEKONTROLOWANA
Termin indeksowy produkty spożywcze
710 ## - HASŁO DODATKOWE - NAZWA CIAŁA ZBIOROWEGO
Nazwa ciała zbiorowego lub jednostki geograficznej NKP nr 25 ds. Mas Włóknistych, Papieru, Tektury i ich Przetworów
856 ## - LOKALIZACJA I DOSTĘP DO ELEKTRONICZNYCH DOKUMENTÓW ZDALNYCH
Link (URL) http://koha.tu.koszalin.pl/cgi-bin/koha/opac-detail.pl?biblionumber=73194
Tekst linku Katalog online BPK
942 ## - DODATKOWE ELEMENTY (KOHA)
Typ dokumentu Norma
998 ## - DANE OPRACOWANIA
Inicjały katalogującego eg
Data 2008.07.23
Egzemplarze
Wycofany Status Uszkodzony Dostępność Lokalizacja stała Lokalizacja bieżąca Miejsce przechowywania Data nabycia Sygnatura Kod kreskowy Cena obowiązuje od Typ dokumentu
      Tylko na miejscu Biblioteka Politechniki Koszalińskiej Biblioteka Politechniki Koszalińskiej Czytelnia BG 02.02.2013 PN-P-50430 PNS10887 02.02.2013 Norma
© 2023 Biblioteka Politechniki Koszalińskiej :: KOHA